书目信息 |
| 题名: |
城市交通时空大数据可视化分析及应用
|
|
| 作者: | 张健钦 , 徐志洁 , 杜明义 , 王佳嘉 著 | |
| 分册: | ||
| 出版信息: | 北京 测绘出版社 2022.06 |
|
| 页数: | 129页 | |
| 开本: | 24cm | |
| 丛书名: | ||
| 单 册: | ||
| 中图分类: | U491.2-39 | |
| 科图分类: | ||
| 主题词: | 城市交通系统--cheng shi jiao tong xi tong--可视化软件--数据分析 | |
| 电子资源: | ||
| ISBN: | 978-7-5030-4182-2 | |
| 000 | 01417nam0 2200313 450 | |
| 001 | 96462 | |
| 005 | 20250912191116.47 | |
| 010 | @a978-7-5030-4182-2@dCNY68.00 | |
| 100 | @a20220914d2022 em y0chiy50 ea | |
| 101 | 0 | @achi |
| 102 | @aCN@b110000 | |
| 105 | @aa a 000yy | |
| 106 | @ar | |
| 200 | 1 | @a城市交通时空大数据可视化分析及应用@Acheng shi jiao tong shi kong da shu ju ke shi hua fen xi ji ying yong@d= Visual analysis of multi-source urban traffic spatial-temporal data@f张健钦 ... [等] 著@zeng |
| 210 | @a北京@c测绘出版社@d2022.06 | |
| 215 | @a129页@c图@d24cm | |
| 300 | @a北京市自然科学基金项目 国家自然科学基金项目 国家自然科学基金青年项目 国家重点研发计划项目资助 | |
| 304 | @a题名页题其余责任者: 徐志洁, 杜明义, 王佳嘉 | |
| 320 | @a有书目 (第124-129页) | |
| 330 | @a本书将时间地理学、地理信息系统和可视化分析技术相结合, 研究建立城市交通大数据可视化分析挖掘的GIS表达分析环境, 开展轨迹数据处理、居民出行信息挖掘分析、多源路况信息分析、城市公交客流分布可视化分析。 | |
| 510 | 1 | @aVisual analysis of multi-source urban traffic spatial-temporal data@zeng |
| 606 | 0 | @a城市交通系统@Acheng shi jiao tong xi tong@x可视化软件@x数据分析 |
| 690 | @aU491.2-39@v5 | |
| 701 | 0 | @a张健钦@Azhang jian qin@4著 |
| 701 | 0 | @a徐志洁@Axu zhi jie@4著 |
| 701 | 0 | @a杜明义@Adu ming yi@4著 |
| 701 | 0 | @a王佳嘉@Awang jia jia@4著 |
| 801 | 0 | @aCN@c20250909 |
| 905 | @a河南城建学院图书馆@dU491.2-39@eZ120 | |
| 城市交通时空大数据可视化分析及应用= Visual analysis of multi-source urban traffic spatial-temporal data/张健钦 ... [等] 著.-北京:测绘出版社,2022.06 |
| 129页:图;24cm |
| 北京市自然科学基金项目 国家自然科学基金项目 国家自然科学基金青年项目 国家重点研发计划项目资助 |
| ISBN 978-7-5030-4182-2:CNY68.00 |
| 本书将时间地理学、地理信息系统和可视化分析技术相结合, 研究建立城市交通大数据可视化分析挖掘的GIS表达分析环境, 开展轨迹数据处理、居民出行信息挖掘分析、多源路况信息分析、城市公交客流分布可视化分析。 |
| ● |
| 相关链接 |
|
|
|
正题名:城市交通时空大数据可视化分析及应用
索取号:U491.2-39/Z120
 
预约/预借
| 序号 | 登录号 | 条形码 | 馆藏地/架位号 | 状态 | 备注 |
| 1 | 1630973 | 216309732 | 自科库501/501自科库 58排3列5层/ [索取号:U491.2-39/Z120] | 在馆 |